1103 1948 1138 1910 1027 1815 1163 1431 1286 1561 1887 1316 1897 1333 1512 1613 1466 1978 1618 1539 1690 1452 1130 1224 1632 1165 1882 1873 1553 1601 1082 1681 1773 1154 1546 1035 1045 1090 1370 1593 1100 1520 1239 1760 1599 1858 1573 1230 1197 1735 1078 1981 1257 1300 1385 1630 1651 1467 1543 1683 1586 1823 1080 1503 1438 1021 1007 1640 1071 1893 1834 1942 1672 1375 1634 1356 1600 1378 1232 1958 1119 1186 1980 1392 1767 1507 1808 1085 1856 1695 1518 1709 1229 1798 1968 1130 1733 1213 1144 BCNSPRNW ULIB Ver.6.0+V

เปลี่ยนเป็นภาษาไทย

Change to English
 แสดงรายละเอียดบรรณานุกรม
  กลับหน้าหลัก

Brief Record : Get Marc (ISO 2709) : E-mail record : QR code < ปิดหน้าต่าง
LEADER : 00000nam 2200000uu 4500
001    13399113581
003     ULIB
008    110627s2553||||th 000 0 tha d
020    9786160601547
090    นว.^bไม่พบรหัส 2553
100 0  Tiara
245 00 ความรู้สึกดีที่เรียกว่ารัก : กับดักรัก/^cTiara
250    พิมพ์ครั้งที่ 1
260    กรุงเทพฯ :^bแจ่มใส,^c2553
300    300 หน้า
710 1  แจ่มใส
945    ^p189^l0^i028060
995    ทศพร
999 ^a ใช้งานได้ทุกระบบ
รายการนี้ยังไม่มีแท็ก
คุณยังไม่ได้ล็อกอิน คุณสามารถมีกิจกรรมร่วมกับเว็บไซต์ได้ แต่ต้องล็อกอินก่อน ::
  ล็อกอิน

รายการสื่อสารสนเทศ

ลำดับที่ ประเภท เลขเรียก/บาร์โค้ด สถานที่ สถานะ
1. นวนิยาย
นวนิยาย
นว. ไม่พบรหัส 2553 ฉ.1 
  Barcode: 028060
ห้องสมุดวิทยาเขตสวรรค์ประชารักษ์
►นวนิยาย
บนชั้น
  ขอยืม

รายการใกล้เคียง
    ผู้แต่ง [Tiara]

BibComment


ยังไม่เคยถูกคอมเมนท์

คอมเมนท์ทรัพยากรรายการนี้
  คอมเมนท์: ความรู้สึกดีที่เร..


 Copyright 2026. Bcnsprnw @Library